000 00735nam a2200205Ia 4500
001 9251
003 GE_BSU
008 181216s||||||||xx |||||||||||||| ||und||
040 _cGE_BSU
080 _a821.353.1–1
100 _aლორთქიფანიძე,ზურაბ
245 _aლექსები
245 _cშესავალი სიტყვა მ. ლებანიძისა.რედ. ჯ.ნიქაბაძე,მხატვ. გ. ქუთათელაძე
260 _aთბილისი
260 _bსაბჭოთა საქართველო
260 _c1969
300 _a284გვ.1ფ.პორტრ.16სმ.
653 _aლექსები
942 _cBK
999 _c42552
_d42552